000 00870nam a2200217Ia 4500
003 CO-CtgCURN
005 20250408175544.0
008 190723s9999 xx 000 0 und d
020 _a9789587018325
040 _aCO-CtgCURN
_bspa
_ccoctgcurn
082 _a346.046
_bM578d
100 _aMesa Cuadros, Gregorio
245 0 _aDerechos ambientales en perspectiva de integralidad :
_bconcepto y fundamentacion de nuevas demandas y resistencias actuales hacia el Estado ambiental de derecho /
_cGregorio Mesa Cuadros
260 _aBogotá, Colombia :
_bUniversidad Nacional de Colombia,
_c2007
300 _a536 páginas ;
_c24 centímetros
521 _aAREA PROFESIONAL
590 _aPrograma de Derecho_18
650 _aDerecho ambiental
942 _cBK
_h346.046
_iM578d
_2ddc
_n0
999 _c29276
_d29276